000 00509nam a2200157 4500
008 170505b xxu||||| |||| 00| 0 eng d
020 _a0-13-140229-3
082 _21992
_aDC 330
_bAn4
100 _920706
_aAngresano, James
245 _aComparative economics/
_cJames Angresano
260 _aEnglewood Cliffs, New Jersey:
_bPrentice Hall,
_cc1992.
300 _axiv, 498 pages;
_c24 cm.
500 _aIncludes bibliographical references and index.
650 0 _920707
_aComparative economics
942 _2ddc
_cDC
999 _c6841
_d6841